[Event "Titled Tuesday intern op 07th Feb Late"]
[Site "Chess.com INT"]
[Date "2023.02.07"]
[Round "2"]
[White "Landaw, Julian W"]
[Black "Boros, Denes"]
[Result "0-1"]
[WhiteElo "2318"]
[BlackElo "2402"]
[PlyCount "96"]
[EventDate "2023.02.07"]
[EventType "swiss (blitz)"]
[EventRounds "11"]
[EventCountry "USA"]
[SourceTitle "EXT 2024"]
[Source "ChessBase"]
[SourceDate "2023.10.10"]
[SourceVersion "1"]
[SourceVersionDate "2023.10.10"]
[SourceQuality "1"]

1. e4 g6 2. Nc3 Bg7 3. g3 c6 4. Bg2 Nf6 5. Nge2 d5 6. d4 dxe4 7. Nxe4 Nxe4 8. Bxe4 Bg4 9. c3 Nd7 10. h3 Bf5 11. Bxf5 gxf5 12. Nf4 Qa5 13. Qb3 Qa6 14. Nh5 Bf8 15. Bg5 Rg8 16. Be3 Nb6 17. 0-0-0 Nd5 18. Rhe1 b5 19. Bf4 0-0-0 20. Kb1 Rg6 21. Bc1 Bh6 22. Qc2 e6 23. a3 Kb7 24. Rg1 Rdg8 25. Qe2 Qxa3 26. Bxh6 Rxh6 27. Qd2 Qf8 28. Nf4 Nxf4 29. Qxf4 Rxh3 30. Rh1 Rxh1 31. Rxh1 Rg7 32. Qe5 a6 33. Rh4 h6 34. Ka2 Rg5 35. Qf6 Rg6 36. Qe5 Qd8 37. Qf4 Qf6 38. Qd6 Rg8 39. Qd7+ Kb6 40. d5 exd5 41. Rf4 Rd8 42. Qxf5 Qxf5 43. Rxf5 Rd7 44. Rf6 b4 45. Rxh6 Kb5 46. cxb4 d4 47. Rf6 d3 48. Kb3 d2 0-1

[Event "Titled Tuesday intern op 01st Mar Late"]
[Site "Chess.com INT"]
[Date "2022.03.01"]
[Round "7"]
[White "Landaw, Julian W"]
[Black "Mekhitarian, Krikor Sevag"]
[Result "0-1"]
[WhiteElo "2318"]
[BlackElo "2562"]
[PlyCount "86"]
[EventDate "2022.03.01"]
[EventType "swiss (blitz)"]
[EventRounds "11"]
[EventCountry "USA"]
[SourceTitle "CBM 207 Extra"]
[Source "ChessBase"]
[SourceDate "2022.05.31"]
[SourceVersion "1"]
[SourceVersionDate "2022.05.31"]
[SourceQuality "1"]

1. e4 c5 2. Nc3 e6 3. g3 d5 4. exd5 exd5 5. Bg2 d4 6. Nd5 Nc6 7. Qe2+ Be7 8. d3 Be6 9. Nxe7 Ngxe7 10. Nh3 Bd5 11. 0-0 Bxg2 12. Kxg2 Qd7 13. Re1 0-0-0 14. Bd2 Ng6 15. Qh5 f6 16. Qxc5 Kb8 17. Bf4+ Ka8 18. a4 Rc8 19. Qb5 a6 20. Qb3 Nce5 21. Bxe5 Nxe5 22. Nf4 Rhd8 23. Re4 Qc6 24. Kg1 Nf3+ 25. Kh1 Nd2 26. Qe6 Nxe4 27. dxe4 Qxe6 28. Nxe6 Rd7 29. Rc1 d3 30. c3 Rc4 31. f3 d2 32. Rd1 Rxa4 33. Nd4 Ra1 34. Rxa1 b5 35. Rd1 b4 36. Rxd2 bxc3 37. bxc3 Rc7 38. Rc2 Ka7 39. Kg2 Kb6 40. Kf2 Rc4 41. Ke3 Kc5 42. Kd3 Ra4 43. Rb2 Kd6 0-1

[Event "Titled Tuesday intern op 01st Mar Late"]
[Site "Chess.com INT"]
[Date "2022.03.01"]
[Round "6"]
[White "Maksimovic, Bojan"]
[Black "Landaw, Julian W"]
[Result "0-1"]
[WhiteElo "2455"]
[BlackElo "2318"]
[PlyCount "106"]
[EventDate "2022.03.01"]
[EventType "swiss (blitz)"]
[EventRounds "11"]
[EventCountry "USA"]
[SourceTitle "CBM 207 Extra"]
[Source "ChessBase"]
[SourceDate "2022.05.31"]
[SourceVersion "1"]
[SourceVersionDate "2022.05.31"]
[SourceQuality "1"]

1. a3 e5 2. c4 Nc6 3. b4 g6 4. Bb2 Bg7 5. g3 d6 6. Bg2 Be6 7. d3 a6 8. Nd2 f5 9. e3 Nf6 10. Ne2 0-0 11. 0-0 Qd7 12. f4 Ng4 13. Rf3 e4 14. dxe4 Bxb2 15. Rb1 Bg7 16. h3 Nf6 17. exf5 Bxf5 18. Rc1 Bxh3 19. Bxh3 Qxh3 20. Nf1 Rae8 21. b5 Ne7 22. bxa6 bxa6 23. c5 d5 24. c6 Ne4 25. Nh2 Qe6 26. Qd3 g5 27. g4 Qd6 28. f5 Nxc6 29. Qc2 Ne5 30. Rff1 c5 31. Rfd1 Nc4 32. Qxc4 dxc4 33. Rxd6 Nxd6 34. Kf2 c3 35. Kf3 Nc4 36. e4 Nd2+ 37. Ke3 Rxe4+ 38. Kf2 Ra4 39. Nxc3 Bxc3 40. Rxc3 Ne4+ 41. Kg2 Nxc3 42. Nf3 Rxg4+ 43. Kh3 Rf4 44. Nh2 Rh4+ 45. Kg3 Rxh2 46. Kg4 Rxf5 47. Kg3 Rh4 48. Kg2 Rd4 49. Kg3 h5 50. Kg2 Rd3 51. Kg1 Re5 52. Kg2 Re2+ 53. Kf1 Rd1# 0-1

[Event "Titled Tuesday intern op 01st Mar Late"]
[Site "Chess.com INT"]
[Date "2022.03.01"]
[Round "11"]
[White "Stankovic, Ivan G"]
[Black "Landaw, Julian W"]
[Result "0-1"]
[WhiteElo "2255"]
[BlackElo "2318"]
[PlyCount "100"]
[EventDate "2022.03.01"]
[EventType "swiss (blitz)"]
[EventRounds "11"]
[EventCountry "USA"]
[SourceTitle "CBM 207 Extra"]
[Source "ChessBase"]
[SourceDate "2022.05.31"]
[SourceVersion "1"]
[SourceVersionDate "2022.05.31"]
[SourceQuality "1"]

1. e4 e5 2. d4 exd4 3. Qxd4 Nc6 4. Qe3 Nf6 5. Nc3 Bb4 6. Bd2 0-0 7. 0-0-0 Re8 8. f3 d5 9. Qf2 d4 10. Nb5 a6 11. Nxd4 Bxd2+ 12. Qxd2 Qd6 13. Nge2 Ne5 14. Nc3 b5 15. f4 b4 16. fxe5 bxc3 17. exd6 cxd2+ 18. Rxd2 Nxe4 19. Re2 cxd6 20. Re3 Bb7 21. Be2 Nc5 22. Rxe8+ Rxe8 23. Bf3 Bxf3 24. Nxf3 g6 25. Re1 Rxe1+ 26. Nxe1 Kg7 27. Kd2 Kf6 28. Kc3 Kf5 29. b4 Ne6 30. a4 Ke4 31. Nd3 Nc7 32. Kc4 h5 33. b5 axb5+ 34. axb5 Na8 35. Kb4 Kd4 36. Ka5 Kc3 37. Ka6 Kxc2 38. Nb4+ Kb3 39. Nd5 Kc4 40. Nb6+ Nxb6 41. Kxb6 d5 42. Ka6 d4 43. b6 d3 44. b7 d2 45. b8Q d1Q 46. Qc7+ Kd3 47. Qd7+ Kc2 48. Qxf7 Qe2+ 49. Kb6 Qe3+ 50. Kc7 Qa7+ 0-1

[Event "Titled Tuesday intern op 04th May"]
[Site "Chess.com INT"]
[Date "2021.05.04"]
[Round "6"]
[White "Djordjevic, Vuk D"]
[Black "Landaw, Julian W"]
[Result "1-0"]
[WhiteElo "2350"]
[BlackElo "2318"]
[PlyCount "69"]
[EventDate "2021.05.04"]
[EventType "swiss (blitz)"]
[EventRounds "11"]
[EventCountry "USA"]
[SourceTitle "CBM 202 Extra"]
[Source "ChessBase"]
[SourceDate "2021.07.31"]
[SourceVersion "1"]
[SourceVersionDate "2021.07.31"]
[SourceQuality "1"]

1. d4 Nf6 2. Bg5 Ne4 3. Bf4 c5 4. f3 Qa5+ 5. c3 Nf6 6. d5 d6 7. e4 b5 8. a4 b4 9. Bb5+ Bd7 10. Bd3 Qb6 11. a5 Qb7 12. a6 Qb6 13. cxb4 Qxb4+ 14. Nc3 Qxb2 15. Nge2 g6 16. e5 Nh5 17. Rb1 Qa3 18. Bc1 Qa5 19. g4 Ng7 20. Bf4 g5 21. Bxg5 dxe5 22. 0-0 c4 23. Be4 Nxa6 24. d6 Rc8 25. Nd5 f6 26. Bxf6 exf6 27. Nxf6+ Kd8 28. Nxd7 Kxd7 29. Rb7+ Kd8 30. Kh1 Nc5 31. Rf7 Nd7 32. Qc1 Ne6 33. Bf5 Nec5 34. Qg5+ Ke8 35. Re7+ 1-0

[Event "Chess.com Bullet op1"]
[Site "Chess.com INT"]
[Date "2020.12.19"]
[Round "20"]
[White "Erigaisi, Arjun Kumar"]
[Black "Landaw, Julian W"]
[Result "1-0"]
[WhiteElo "2559"]
[BlackElo "2318"]
[PlyCount "97"]
[EventDate "2020.12.19"]
[EventType "swiss (blitz)"]
[EventRounds "21"]
[EventCountry "USA"]
[SourceTitle "EXT 2022"]
[Source "ChessBase"]
[SourceDate "2021.10.06"]
[SourceVersion "1"]
[SourceVersionDate "2021.10.06"]
[SourceQuality "1"]

1. d4 d5 2. c4 c6 3. Nf3 e6 4. e3 Nf6 5. Nc3 Bd6 6. Bd3 0-0 7. e4 dxe4 8. Nxe4 Nxe4 9. Bxe4 h6 10. 0-0 Nd7 11. Qe2 Nf6 12. Bc2 Re8 13. b3 b6 14. Bb2 Bb7 15. Rad1 Rc8 16. c5 Bc7 17. Ne5 Qe7 18. b4 Rcd8 19. a3 Ra8 20. Rfe1 a5 21. Bb3 Ba6 22. Qf3 Bxe5 23. Rxe5 Nd5 24. Bxd5 cxd5 25. h4 Bc4 26. Bc1 axb4 27. axb4 Ra2 28. Rde1 Qf6 29. Qg3 Kh7 30. h5 Rea8 31. Bf4 Rc2 32. R5e3 Raa2 33. Rf3 Be2 34. Be5 Qg5 35. Qxg5 hxg5 36. Rxf7 Bxh5 37. Rf8 Re2 38. Rxe2 Bxe2 39. cxb6 Ba6 40. Ra8 Rb2 41. Rxa6 Rxb4 42. Bd6 Rb5 43. Bc5 e5 44. dxe5 Rxc5 45. e6 Rc8 46. b7 Re8 47. Rb6 d4 48. b8Q Rxe6 49. Rxe6 1-0

[Event "Chess.com Bullet op1"]
[Site "Chess.com INT"]
[Date "2020.12.19"]
[Round "19"]
[White "Landaw, Julian W"]
[Black "Zubov, Alexander"]
[Result "1-0"]
[WhiteElo "2318"]
[BlackElo "2598"]
[PlyCount "27"]
[EventDate "2020.12.19"]
[EventType "swiss (blitz)"]
[EventRounds "21"]
[EventCountry "USA"]
[SourceTitle "EXT 2022"]
[Source "ChessBase"]
[SourceDate "2021.10.06"]
[SourceVersion "1"]
[SourceVersionDate "2021.10.06"]
[SourceQuality "1"]

1. e4 c5 2. Nc3 d6 3. g3 g6 4. Bg2 Bg7 5. d3 Nc6 6. f4 e5 7. Nh3 Nge7 8. 0-0 0-0 9. f5 gxf5 10. exf5 Nxf5 11. Be4 Nfe7 12. Bxh7+ Kxh7 13. Qh5+ Kg8 14. Ng5 1-0

[Event "Titled Tuesday intern op 11th Aug"]
[Site "Chess.com INT"]
[Date "2020.08.11"]
[Round "6"]
[White "Kovacs, Klara"]
[Black "Landaw, Julian W"]
[Result "0-1"]
[WhiteElo "2154"]
[BlackElo "2318"]
[PlyCount "32"]
[EventDate "2020.08.11"]
[EventType "swiss (blitz)"]
[EventRounds "10"]
[EventCountry "USA"]
[SourceTitle "CBM 197 Extra"]
[Source "ChessBase"]
[SourceDate "2020.09.30"]
[SourceVersion "1"]
[SourceVersionDate "2020.09.30"]
[SourceQuality "1"]

1. Nf3 Nf6 2. g3 c5 3. Bg2 Nc6 4. c4 d6 5. Nc3 g6 6. 0-0 Bg7 7. Rb1 0-0 8. d3 Be6 9. a3 Qd7 10. b4 Bh3 11. bxc5 Bxg2 12. Kxg2 dxc5 13. Be3 b6 14. Qd2 Ng4 15. h3 Nxe3+ 16. Qxe3 Bxc3 0-1

[Event "Titled Tuesday intern op 11th Aug"]
[Site "Chess.com INT"]
[Date "2020.08.11"]
[Round "8"]
[White "Landaw, Julian W"]
[Black "Arman, Deniz"]
[Result "0-1"]
[WhiteElo "2318"]
[BlackElo "2336"]
[PlyCount "82"]
[EventDate "2020.08.11"]
[EventType "swiss (blitz)"]
[EventRounds "10"]
[EventCountry "USA"]
[SourceTitle "CBM 197 Extra"]
[Source "ChessBase"]
[SourceDate "2020.09.30"]
[SourceVersion "1"]
[SourceVersionDate "2020.09.30"]
[SourceQuality "1"]

1. e4 g6 2. Nc3 Bg7 3. g3 c5 4. Bg2 Nc6 5. d3 d6 6. f4 e6 7. Nf3 Nge7 8. 0-0 Nd4 9. e5 Nxf3+ 10. Qxf3 d5 11. Nb5 0-0 12. Nd6 Nf5 13. Nxf5 gxf5 14. Kh1 f6 15. exf6 Bxf6 16. Re1 a5 17. c3 b5 18. Be3 Qb6 19. Qf2 Be7 20. b4 axb4 21. cxb4 Ra3 22. Bxc5 Bxc5 23. bxc5 Qc6 24. Qd4 Bd7 25. Re2 Rfa8 26. g4 R3a4 27. Qe5 Rf8 28. g5 Qxc5 29. h4 Qd4 30. Rc1 Qxf4 31. Rc7 Qxe5 32. Rxe5 Rxh4+ 33. Kg1 Rd8 34. Kf2 Rg4 35. Bf3 Rxg5 36. Ke3 Kf8 37. Kd4 Rg3 38. Be2 Ke7 39. Kc5 Kf6 40. d4 Rc3+ 41. Kb4 Rxc7 0-1

[Event "Titled Tuesday intern op 11th Aug"]
[Site "Chess.com INT"]
[Date "2020.08.11"]
[Round "9"]
[White "Landaw, Julian W"]
[Black "Balabayeva, Kseniya"]
[Result "1-0"]
[WhiteElo "2318"]
[BlackElo "2146"]
[PlyCount "83"]
[EventDate "2020.08.11"]
[EventType "swiss (blitz)"]
[EventRounds "10"]
[EventCountry "USA"]
[SourceTitle "CBM 197 Extra"]
[Source "ChessBase"]
[SourceDate "2020.09.30"]
[SourceVersion "1"]
[SourceVersionDate "2020.09.30"]
[SourceQuality "1"]

1. e4 e6 2. d4 d5 3. e5 c5 4. c3 Nc6 5. Nf3 Qb6 6. Bd3 Bd7 7. dxc5 Bxc5 8. 0-0 a5 9. a4 Nge7 10. Na3 Ng6 11. Qe2 0-0 12. Nb5 Na7 13. Nbd4 Nc6 14. Nb5 Na7 15. h4 Nxb5 16. axb5 h6 17. h5 Ne7 18. g4 Kh8 19. Bf4 Ng8 20. g5 hxg5 21. Bxg5 f6 22. exf6 gxf6 23. Ne5 fxg5 24. Nxd7 Qd6 25. Nxc5 Qxc5 26. Qxe6 Rf6 27. Qg4 Raf8 28. Qg3 Rf3 29. Qe5+ R8f6 30. Bg6 Qc4 31. Rae1 Qg4+ 32. Kh1 Rh3+ 33. Qh2 Rxh2+ 34. Kxh2 Rf3 35. Re3 Rxe3 36. fxe3 Qe2+ 37. Kg1 Qxe3+ 38. Kg2 Qe2+ 39. Rf2 Qg4+ 40. Kf1 d4 41. Rf7 dxc3 42. Rh7# 1-0

[Event "Titled Tuesday intern op 11th Aug"]
[Site "Chess.com INT"]
[Date "2020.08.11"]
[Round "4"]
[White "Landaw, Julian W"]
[Black "Holt, Conrad"]
[Result "0-1"]
[WhiteElo "2318"]
[BlackElo "2549"]
[PlyCount "54"]
[EventDate "2020.08.11"]
[EventType "swiss (blitz)"]
[EventRounds "10"]
[EventCountry "USA"]
[SourceTitle "CBM 197 Extra"]
[Source "ChessBase"]
[SourceDate "2020.09.30"]
[SourceVersion "1"]
[SourceVersionDate "2020.09.30"]
[SourceQuality "1"]

1. e4 e6 2. d4 d5 3. e5 c5 4. c3 Nc6 5. Nf3 Qb6 6. Bd3 cxd4 7. cxd4 Bd7 8. 0-0 Nxd4 9. Nxd4 Qxd4 10. Nc3 a6 11. Qe2 Ne7 12. Kh1 Nc6 13. f4 Bc5 14. a3 Ba7 15. Bd2 Rc8 16. Rae1 g6 17. Bb1 Qb6 18. b4 Nd4 19. Qd1 0-0 20. f5 Nb5 21. f6 Nxc3 22. Bxc3 Rxc3 23. Qd2 Re3 24. Rc1 Bb5 25. Rf3 Qd4 26. Qf2 Rxf3 27. Qxf3 Qxe5 0-1

[Event "Titled Tuesday intern op 11th Aug"]
[Site "Chess.com INT"]
[Date "2020.08.11"]
[Round "7"]
[White "Nitin, Senthilvel"]
[Black "Landaw, Julian W"]
[Result "1-0"]
[WhiteElo "2381"]
[BlackElo "2318"]
[PlyCount "71"]
[EventDate "2020.08.11"]
[EventType "swiss (blitz)"]
[EventRounds "10"]
[EventCountry "USA"]
[SourceTitle "CBM 197 Extra"]
[Source "ChessBase"]
[SourceDate "2020.09.30"]
[SourceVersion "1"]
[SourceVersionDate "2020.09.30"]
[SourceQuality "1"]

1. e4 e5 2. Nf3 Nc6 3. Nc3 Nf6 4. Bb5 Nd4 5. 0-0 Nxb5 6. Nxb5 c6 7. Nc3 d6 8. d4 Qc7 9. h3 Be7 10. Re1 0-0 11. a4 Re8 12. Bg5 h6 13. Bh4 Nh5 14. Bxe7 Qxe7 15. Ne2 Qf6 16. Qd3 a5 17. Rad1 Be6 18. dxe5 dxe5 19. Qc3 Bc8 20. Qe3 b5 21. axb5 cxb5 22. Nc3 Nf4 23. Nd5 Nxd5 24. exd5 e4 25. Nd4 b4 26. Nb5 Re5 27. Nc7 Rb8 28. d6 Bd7 29. Rd4 Qg6 30. Red1 f5 31. Nd5 Kh8 32. Ne7 Qf6 33. Qf4 g5 34. Qxe5 Qxe5 35. Ng6+ Kg7 36. Nxe5 1-0

[Event "Titled Tuesday intern op 23rd June"]
[Site "Chess.com INT"]
[Date "2020.06.23"]
[Round "8"]
[White "Landaw, Julian W"]
[Black "Delorme, Alban"]
[Result "0-1"]
[WhiteElo "2318"]
[BlackElo "2322"]
[PlyCount "44"]
[EventDate "2020.06.23"]
[EventType "swiss (blitz)"]
[EventRounds "10"]
[EventCountry "USA"]
[SourceTitle "CBM 197 Extra"]
[Source "ChessBase"]
[SourceDate "2020.09.30"]
[SourceVersion "1"]
[SourceVersionDate "2020.09.30"]
[SourceQuality "1"]

1. e4 c5 2. Nc3 a6 3. g3 b5 4. Bg2 Bb7 5. d3 e6 6. f4 d5 7. Nh3 Nf6 8. e5 Nfd7 9. Ne2 Qc7 10. c3 Nc6 11. 0-0 Be7 12. d4 b4 13. f5 exf5 14. Rxf5 Nb6 15. Rf1 Rc8 16. Nef4 cxd4 17. Nxd5 Nxd5 18. Bxd5 0-0 19. cxd4 Nxd4 20. Bxb7 Qxb7 21. Be3 Nc2 22. Qd3 Nxe3 0-1

[Event "Titled Tuesday intern op 23rd June"]
[Site "Chess.com INT"]
[Date "2020.06.23"]
[Round "7"]
[White "Landaw, Julian W"]
[Black "Ostrovskiy, Aleksandr A"]
[Result "0-1"]
[WhiteElo "2318"]
[BlackElo "2425"]
[PlyCount "90"]
[EventDate "2020.06.23"]
[EventType "swiss (blitz)"]
[EventRounds "10"]
[EventCountry "USA"]
[SourceTitle "CBM 197 Extra"]
[Source "ChessBase"]
[SourceDate "2020.09.30"]
[SourceVersion "1"]
[SourceVersionDate "2020.09.30"]
[SourceQuality "1"]

1. e4 c6 2. Nf3 d5 3. Nc3 Bg4 4. h3 Bh5 5. g4 Bg6 6. exd5 cxd5 7. Bb5+ Nc6 8. Ne5 Rc8 9. d4 e6 10. 0-0 Bd6 11. f4 Nge7 12. Ne2 Qb6 13. Bxc6+ Nxc6 14. Nxc6 Rxc6 15. c3 Be4 16. Ng3 f5 17. gxf5 exf5 18. Nxe4 dxe4 19. Qb3 Qxb3 20. axb3 a6 21. b4 Kf7 22. Kf2 Bc7 23. Be3 Rh6 24. Rh1 Rh4 25. Kg3 g5 26. Raf1 Rg8 27. Rf2 Rxf4 28. Bxf4 gxf4+ 29. Kh4 f3 30. Rff1 Bg3+ 31. Kh5 Bf4 32. Rhg1 Rxg1 33. Rxg1 e3 34. Rf1 e2 35. Rxf3 e1Q 36. Rxf4 Kf6 37. d5 Qe8+ 38. Kh4 Qe1+ 39. Kh5 Qg3 40. Rd4 Qxh3+ 41. Rh4 Qf3+ 42. Kh6 Qxd5 43. Kxh7 Qf7+ 44. Kh6 Qg7+ 45. Kh5 Qg6# 0-1

[Event "Titled Tuesday intern op 23rd June"]
[Site "Chess.com INT"]
[Date "2020.06.23"]
[Round "4"]
[White "Samsonkin, Artiom"]
[Black "Landaw, Julian W"]
[Result "0-1"]
[WhiteElo "2428"]
[BlackElo "2318"]
[PlyCount "66"]
[EventDate "2020.06.23"]
[EventType "swiss (blitz)"]
[EventRounds "10"]
[EventCountry "USA"]
[SourceTitle "CBM 197 Extra"]
[Source "ChessBase"]
[SourceDate "2020.09.30"]
[SourceVersion "1"]
[SourceVersionDate "2020.09.30"]
[SourceQuality "1"]

1. e4 e5 2. Nf3 Nc6 3. d4 exd4 4. Bc4 Nf6 5. e5 d5 6. Bb5 Ne4 7. Nxd4 Bc5 8. Be3 Bd7 9. Bxc6 bxc6 10. 0-0 Qe7 11. f4 0-0 12. Nd2 f6 13. Nxe4 dxe4 14. exf6 Rxf6 15. Qe2 Bb6 16. Rad1 Kh8 17. c3 Be8 18. Kh1 Bf7 19. b3 a5 20. c4 a4 21. Nc2 axb3 22. axb3 Ra2 23. Ra1 Rxc2 24. Ra8+ Bg8 25. Qxc2 Bxe3 26. Re1 Rxf4 27. g3 Rf3 28. Qc3 Bc5 29. Qc2 e3 30. Qd3 h6 31. Kg2 Rf2+ 32. Kh1 Qf6 33. b4 Qf3+ 0-1

[Event "Titled Tuesday intern op 19th May"]
[Site "Chess.com INT"]
[Date "2020.05.19"]
[Round "2"]
[White "Pavlov, Danila"]
[Black "Landaw, Julian W"]
[Result "0-1"]
[WhiteElo "2348"]
[BlackElo "2318"]
[PlyCount "118"]
[EventDate "2020.05.19"]
[EventType "swiss (blitz)"]
[EventRounds "10"]
[EventCountry "USA"]
[SourceTitle "EXT 2021"]
[Source "ChessBase"]
[SourceDate "2020.10.23"]
[SourceVersion "1"]
[SourceVersionDate "2020.10.23"]
[SourceQuality "1"]

1. e4 e5 2. Nf3 Nc6 3. Bb5 a6 4. Bxc6 dxc6 5. 0-0 Qf6 6. d4 exd4 7. Qxd4 Qxd4 8. Nxd4 Bd7 9. Bf4 0-0-0 10. Nc3 g6 11. Rad1 Bg7 12. Nb3 b6 13. Be3 Bxc3 14. bxc3 Ne7 15. f3 c5 16. Rd2 Be6 17. Rfd1 Nc6 18. Bg5 Rxd2 19. Rxd2 Re8 20. Bf6 Bc4 21. Kf2 Re6 22. Bg5 Na7 23. Rd8+ Kb7 24. Ke3 Nb5 25. Kd2 Rd6+ 26. Rxd6 cxd6 27. Bf6 Kc6 28. Ke3 Kd7 29. g4 Ke6 30. g5 d5 31. exd5+ Kxd5 32. h4 Na3 33. Kd2 a5 34. Nc1 a4 35. Bd8 Nb1+ 36. Ke3 Nxc3 37. Bxb6 Nxa2 38. Nxa2 Bxa2 39. Ba5 Bc4 40. Kd2 a3 41. Kc1 Be2 42. f4 Ke4 43. Bc7 Kf5 44. Kb1 Kg4 45. Bd6 Bc4 46. Ka1 a2 47. Kb2 Kxh4 48. Bxc5 Kg4 49. Bd6 Kf5 50. Be5 f6 51. Bxf6 h5 52. Bd4 h4 53. Bf2 h3 54. Bg3 Kg4 55. Bh2 Be6 56. f5 Kxf5 57. c3 Bc4 58. Ka1 Kxg5 59. Kb2 Kg4 0-1

[Event "Titled Tuesday intern op 5th May"]
[Site "Chess.com INT"]
[Date "2020.05.05"]
[Round "7"]
[White "Gretarsson, Helgi Ass"]
[Black "Landaw, Julian W"]
[Result "1-0"]
[WhiteElo "2401"]
[BlackElo "2318"]
[PlyCount "67"]
[EventDate "2020.05.05"]
[EventType "swiss (blitz)"]
[EventRounds "10"]
[EventCountry "USA"]
[SourceTitle "EXT 2021"]
[Source "ChessBase"]
[SourceDate "2020.10.23"]
[SourceVersion "1"]
[SourceVersionDate "2020.10.23"]
[SourceQuality "1"]

1. d4 Nf6 2. c4 e6 3. Nc3 Bb4 4. Qc2 0-0 5. e4 Bxc3+ 6. bxc3 d6 7. Bd3 Nc6 8. Ne2 b6 9. 0-0 h6 10. f4 Ba6 11. e5 Ne8 12. f5 exf5 13. Ng3 dxe5 14. Nxf5 Nf6 15. Qf2 e4 16. Qg3 Nh5 17. Qg4 exd3 18. Nxg7 Nf6 19. Qh3 Nxd4 20. Bxh6 Ne2+ 21. Kh1 Qd7 22. Qh4 Qg4 23. Qxf6 Bb7 24. Rf2 d2 25. Nf5 Nc1 26. Rxd2 Rad8 27. Ne3 Qg6 28. Qxg6+ fxg6 29. Rxd8 Rxd8 30. Rxc1 Rd2 31. a4 Ra2 32. Kg1 Kf7 33. Rc2 Ke6 34. Rxa2 1-0

[Event "Titled Tuesday intern op 5th May"]
[Site "Chess.com INT"]
[Date "2020.05.05"]
[Round "1"]
[White "Landaw, Julian W"]
[Black "Mikaelyan, Arman"]
[Result "0-1"]
[WhiteElo "2318"]
[BlackElo "2483"]
[PlyCount "142"]
[EventDate "2020.05.05"]
[EventType "swiss (blitz)"]
[EventRounds "10"]
[EventCountry "USA"]
[SourceTitle "EXT 2021"]
[Source "ChessBase"]
[SourceDate "2020.10.23"]
[SourceVersion "1"]
[SourceVersionDate "2020.10.23"]
[SourceQuality "1"]

1. e4 c5 2. Nc3 Nc6 3. g3 g6 4. Bg2 Bg7 5. d3 d6 6. f4 a6 7. Nf3 b5 8. a3 Bb7 9. Be3 Nd4 10. 0-0 e6 11. Rb1 Ne7 12. Ne2 Nxf3+ 13. Bxf3 0-0 14. Qd2 Rc8 15. c3 d5 16. e5 f6 17. d4 cxd4 18. Nxd4 Qd7 19. exf6 Bxf6 20. Rbe1 Nf5 21. Nxf5 exf5 22. Bd4 Bxd4+ 23. Qxd4 Rc4 24. Qb6 Bc6 25. Re5 d4 26. Bxc6 Rxc6 27. Qxd4 Rd6 28. Qf2 Rd2 29. Re2 Rxe2 30. Qxe2 Re8 31. Qf2 Re4 32. Re1 Qe6 33. Rd1 Kg7 34. Qa7+ Kh6 35. Qf2 Re2 36. Qf3 Rxb2 37. h3 Qb6+ 38. Kh1 Rf2 39. Qd3 Qc6+ 40. Qd5 Qxd5+ 41. Rxd5 Rf3 42. Rd6 Rxg3 43. Kh2 Rxc3 44. Rxa6 Rf3 45. Ra5 Rxf4 46. Rxb5 Ra4 47. Rb3 Kg5 48. Kg3 h5 49. Rc3 h4+ 50. Kf3 Kf6 51. Rc6+ Kg7 52. Rc3 Kh6 53. Rb3 Kh5 54. Kg2 g5 55. Kh2 g4 56. Rb5 g3+ 57. Kg2 Kg5 58. Rb3 Rc4 59. Rf3 Rc2+ 60. Kg1 Ra2 61. Kf1 f4 62. Kg1 Kf5 63. Rb3 Rd2 64. Kf1 Ke4 65. Rb4+ Rd4 66. Rb3 f3 67. Ke1 f2+ 68. Ke2 Rd2+ 69. Kxd2 f1Q 70. Rb4+ Kd5 71. Rxh4 Qf2+ 0-1

[Event "Titled Tuesday intern op 28th Apr"]
[Site "Chess.com INT"]
[Date "2020.04.28"]
[Round "9"]
[White "Landaw, Julian W"]
[Black "Tarini, Goyal"]
[Result "1-0"]
[WhiteElo "2318"]
[BlackElo "2164"]
[PlyCount "65"]
[EventDate "2020.04.28"]
[EventType "swiss (blitz)"]
[EventRounds "10"]
[EventCountry "USA"]
[SourceTitle "EXT 2021"]
[Source "ChessBase"]
[SourceDate "2020.10.23"]
[SourceVersion "1"]
[SourceVersionDate "2020.10.23"]
[SourceQuality "1"]

1. e4 c6 2. d4 d5 3. exd5 cxd5 4. Bd3 Nc6 5. c3 Qc7 6. Ne2 e5 7. dxe5 Nxe5 8. Bb5+ Bd7 9. Qxd5 0-0-0 10. Bf4 f6 11. 0-0 Bg4 12. Qe4 Nh6 13. Nd4 Bd6 14. h3 f5 15. Qe3 Bh5 16. Ne6 Nf3+ 17. gxf3 Bxf4 18. Qxf4 Qxf4 19. Nxf4 Bxf3 20. Na3 g5 21. Ne6 Rd6 22. Nd4 Be4 23. Nc4 Rd5 24. Ne3 Rdd8 25. Ba4 g4 26. hxg4 Nxg4 27. Nxg4 fxg4 28. Bb3 h5 29. Rfe1 Bf3 30. Nxf3 gxf3 31. Re3 Rhg8+ 32. Bxg8 Rxg8+ 33. Kh1 1-0

[Event "Titled Tuesday intern op 28th Apr"]
[Site "Chess.com INT"]
[Date "2020.04.28"]
[Round "2"]
[White "Landaw, Julian W"]
[Black "Yashmetov, Mikhail"]
[Result "0-1"]
[WhiteElo "2318"]
[BlackElo "2298"]
[PlyCount "118"]
[EventDate "2020.04.28"]
[EventType "swiss (blitz)"]
[EventRounds "10"]
[EventCountry "USA"]
[SourceTitle "EXT 2021"]
[Source "ChessBase"]
[SourceDate "2020.10.23"]
[SourceVersion "1"]
[SourceVersionDate "2020.10.23"]
[SourceQuality "1"]

1. e4 e5 2. Nf3 Nc6 3. Bb5 a6 4. Ba4 Nf6 5. 0-0 d6 6. Re1 Be7 7. c3 0-0 8. h3 b5 9. Bb3 Be6 10. d3 Qd7 11. Nbd2 Rfe8 12. Bc2 Bf8 13. d4 exd4 14. cxd4 d5 15. e5 Nh5 16. Ng5 g6 17. g4 Nf4 18. Nf1 Nxh3+ 19. Nxh3 Bxg4 20. f3 Bxh3 21. Ng3 Bg7 22. Bg5 Ne7 23. Kh2 Bf5 24. Nxf5 Nxf5 25. Qd2 c5 26. Bxf5 Qxf5 27. dxc5 Bxe5+ 28. f4 Qxg5 29. Rxe5 Qh4+ 30. Kg2 Rxe5 31. fxe5 Qe4+ 32. Kg1 Qxe5 33. Re1 Qg3+ 34. Kf1 Qf3+ 35. Kg1 Rd8 36. Rc1 d4 37. c6 Qe3+ 38. Qxe3 dxe3 39. c7 Rc8 40. Kf1 Kf8 41. Ke2 Ke7 42. Rc6 Kd7 43. Rxa6 Rxc7 44. Kxe3 h5 45. Rf6 Ke7 46. Rf2 f5 47. Kd4 Kf6 48. b3 g5 49. a4 bxa4 50. bxa4 g4 51. a5 Ra7 52. Ra2 h4 53. Ke3 Kg5 54. a6 h3 55. Kf2 f4 56. Ra4 h2 57. Kg2 g3 58. Ra2 f3+ 59. Kh1 Rh7 0-1